| Tag |
First Indicator |
Second Indicator |
Subfields |
| LEADER |
00000cam a2200000 a 4500 |
| 001 |
in00002782661 |
| 005 |
20211120170431.0 |
| 006 |
m o d f |
| 007 |
cr bn||||||||| |
| 008 |
121105s2008 dcu o f000 0 eng c |
| 035 |
|
|
|a (OCoLC)ocn815953811
|
| 040 |
|
|
|a GPO
|c GPO
|d MvI
|d UtOrBLW
|
| 042 |
|
|
|a pcc
|
| 043 |
|
|
|a n-us---
|
| 049 |
|
|
|a WWW
|
| 074 |
|
|
|a 0717 (online)
|
| 086 |
0 |
|
|a J 1.2:AM 3/8/2008
|
| 245 |
0 |
4 |
|a The Americans with Disabilities Act :
|b questions and answers /
|c U.S. Equal Employment Opportunity Commission, U.S. Dept. of Justice, Civil Rights Division.
|
| 250 |
|
|
|a Last updated: Oct. 09, 2008.
|
| 264 |
|
1 |
|a [Washington, D.C.] :
|b U.S. Equal Employment Opportunity Commission, U.S. Dept. of Justice, Civil Rights Division,
|c [2008]
|
| 300 |
|
|
|a 1 online resource
|
| 336 |
|
|
|a text
|b txt
|2 rdacontent
|
| 337 |
|
|
|a computer
|b c
|2 rdamedia
|
| 338 |
|
|
|a online resource
|b cr
|2 rdacarrier
|
| 500 |
|
|
|a Title from title screen (viewed Nov. 5, 2012).
|
| 500 |
|
|
|a "February 2001."
|
| 500 |
|
|
|a Electronic resource.
|
| 650 |
|
0 |
|a People with disabilities
|x Legal status, laws, etc.
|z United States.
|
| 650 |
|
0 |
|a Discrimination against people with disabilities
|x Law and legislation
|z United States.
|
| 710 |
1 |
|
|a United States.
|b Equal Employment Opportunity Commission.
|
| 710 |
1 |
|
|a United States.
|b Department of Justice.
|b Civil Rights Division.
|
| 856 |
4 |
0 |
|u https://purl.fdlp.gov/GPO/gpo30879
|t 0
|
| 999 |
|
|
|a MARS
|
| 999 |
f |
f |
|s 589d0eef-dbd2-3c98-9af2-eefa34fa5eec
|i b76cee03-2cf3-338e-b9be-df32754ced57
|t 0
|
| 952 |
f |
f |
|a Texas A&M University
|b College Station
|c Electronic Resources
|d Available Online
|t 0
|e J 1.2:AM 3/8/2008
|h Superintendent of Documents classification
|
| 998 |
f |
f |
|a J 1.2:AM 3/8/2008
|t 0
|l Available Online
|